01233nam a2200169Ia 4500003000900000005001700009008004100026040001300067040001300080041000800093100002900101245020300130250001200333260007200345300001800417520062800435IT-RoPAU20220918175724.0120407s9999 xx 000 0 und d aIT-RoPAU cIT-RoPAU aita aDa Silva Antonio F.cssp aIl cammino degli Esercizi Spirituali nel pensiero di Don G. AlberionebRicerca sulle fonti della spiritualità della Famiglia Paolina a partire dal Mese di Esercizi Spirituali, Ariccia, Aprile 1960 b1° ed. c1981aCasa Divin Maestro, AricciabCentro di Spiritualità Paolina a167 p.c24 cm aINDICE Premessa; Indice sigle; Introduzione; L'ADUNATA-CORSO ESERCIZI SPIRITUALI 1960; Primo capitolo; IL CAMMINO DEGLI ESERCIZI SPIRITUALI SECONDO DON ALBERIONE; Secondo capitolo; DON ALBERIONE E I MANUALI DI SPIRITUALITA'; Terzo capitolo; SULLE ORME DI S. IGNAZIO E DI S. PIER GIULIANO EYMARD; Quarto capitolo; "MAESTRO: LA TUA VITA MI TRACCIA LA VIA"; Quinto capitolo; "DAL CAN. CHIESA: L'INSEGNAMENTO, LO SPIRITO, LA GUIDA"; Sesto capitolo; GUIDA: IL "DIVINO ESEMPLARE"; Settimo capitolo; Epilogo; "AL CENTRO STA GESU' CRISTO VIA, VERITA' E VITA"; Allegati; Figure I-IV del DUBOIS; DOCUMENTAZIONE CITATA. Primo capitolo